Statistics for Boston suburbs

Click here to take the quiz!

General Stats

  • This quiz has been taken 264 times
  • The average score is 16 of 42

Answer Stats

Answer % Correct
Cambridge
80%
Quincy
73%
Newton
72%
Brookline
59%
Somerville
59%
Medford
55%
Lynn
52%
Revere
52%
Waltham
51%
Dedham
48%
Braintree
47%
Salem
47%
Needham
46%
Arlington
46%
Watertown
45%
Malden
45%
Wellesley
44%
Lexington
43%
Milton
38%
Belmont
36%
Everett
35%
Weymouth
35%
Woburn
34%
Natick
34%
Weston
33%
Winthrop
32%
Boston
32%
Melrose
31%
Saugus
31%
Canton
28%
Hingham
27%
Wakefield
23%
Peabody
23%
Stoneham
23%
Burlington
23%
Norwood
23%
Randolph
23%
Hull
22%
Swampscott
22%
Marblehead
21%
Reading
21%
Westwood
18%

Score Distribution

Percentile by Number Answered

Percent of People with Each Score

Your Score History

You have not taken this quiz